| 000 | 00421cam a2200157ua 4500 | ||
|---|---|---|---|
| 041 |
_aeng _h |
||
| 082 |
_a664.3 _bLAW/FO |
||
| 100 | _aLawson, Harry . | ||
| 245 |
_aFood oils and facts : Technology, utilisation and nutrition / _cHarry Lawson. _hTextual Documents |
||
| 250 |
_a1 / _b. |
||
| 260 |
_aNewyork : _bChapman and Hall Ltd , _c1995. |
||
| 300 | _a339 ; . | ||
| 504 | _a | ||
| 942 | _cBK | ||
| 999 |
_c1515 _d1515 |
||